Politique Internationale en C - Statistiques

Statistiques générales
  • Ce quiz a été pris 318 fois
  • Le résultat moyen est 8 sur 10
Statistiques - réponses
Hint Réponse % Correct
Pays dans lequel une révolution communiste a eu lieu en 1959 et dont la capitale est La Havane. Cuba
98%
Système économique caractérisé par la propriété privée des moyens de production. Système hégémonique, basé sur l’accumulation de capital et la recherche des profits. Capitalisme
96%
Doctrine politique et économique basée en grande partie sur le marxisme visant à l’instauration d’une société sans classes et caractérisée par la socialisation des moyens de production. Communisme
95%
42e Président des Etats-Unis, de 1993 à 2001, dont la femme a échoué à battre Donald Trump lors de l’election présidentielle de 2016. Bill Clinton
93%
Révolutionnaire cubain ayant dirigé le pays de 1959 à 2008. Fidel Castro
93%
Organisation intergouvernementale composée de 56 États membres qui est apparue suite à la chute de l’Empire britannique et dont Charles III est le dirigeant. Commonwealth
78%
Philosophie politique en faveur de valeurs traditionnelles, prônant la préservation d’une situation ou le retour à des valeurs passées. Conservatisme
78%
Juridiction pénale internationale chargée de juger les personnes accusées de génocide, de crime contre l'humanité, de crime d'agression et de crime de guerre. Cour Pénale Internationale (CPI)
67%
Président socialiste vénézuelien de 1999 à 2013, Nicolas Maduro lui succède. Hugo Chavez
47%
Président et dictateur de la Roumanie de 1974 à 1989, exécuté suite à un coup d’Etat. Nicolae Ceaușescu
42%
Aucun quiz correspondant
Distribution des résultats
% des personnes avec chaque résultat
Percentile par nombre de réponses
Votre historique - résultats
Vous n’avez pas pris ce quiz